LIBRARY & INFORMATION CENTRE, KCAET, TAVANUR

ONLINE PUBLIC ACCESS CATALOGUE (OPAC)

Agricultural Process Engineering: Numerical Problems / (Record no. 13263)

MARC details
000 -LEADER
fixed length control field 00394cam a2200145ua 4500
020 ## - INTERNATIONAL STANDARD BOOK NUMBER
ISBN 8183211216
082 ## - DEWEY DECIMAL CLASSIFICATION NUMBER
Classification number 660.284
Item number DHA/AG
100 ## - MAIN ENTRY--AUTHOR NAME
Personal name Dhamsaniya, N K .
100 ## - MAIN ENTRY--AUTHOR NAME
Personal name Dabhi, M N .
245 ## - TITLE STATEMENT
Title Agricultural Process Engineering: Numerical Problems /
250 ## - EDITION STATEMENT
Edition statement 1
260 ## - PUBLICATION, DISTRIBUTION, ETC. (IMPRINT)
Place of publication Udaypur :
Name of publisher Agro-tech Publishing Academy ,
Year of publication 2008.
300 ## - PHYSICAL DESCRIPTION
Number of Pages 248 ;
Accompanying material CD.
942 ## - ADDED ENTRY ELEMENTS (KOHA)
Koha item type Books
Holdings
Withdrawn status Lost status Damaged status Home library Current library Date acquired Full call number Accession Number Koha item type Collection code Shelving location Cost, normal purchase price Source of acquisition
      KAUAET KAUAET 07/04/2012 660.284 21622 Books        
      KAUAET KAUAET 07/04/2012 660.284 22058 Books        
      KAUAET KAUAET 31/03/2012 660.284 DHA/AG 23452 Books Non-fiction General Stacks 960.00  
      KAUAET KAUAET 31/03/2012 660.284 DHA/AG 23453 Books Non-fiction General Stacks 960.00  
      KAUAET KAUAET 31/03/2012 660.284 DHA/AG 23454 Books Non-fiction General Stacks 960.00  
      KAUAET KAUAET 31/03/2012 660.284 DHA/AG 23455 Books Non-fiction General Stacks 960.00  
      KAUAET KAUAET 31/03/2012 660.284 DHA/AG 23456 Books Non-fiction General Stacks 960.00  
      KAUAET KAUAET 20/10/2012 660.284 DHA/AG BB 176 Book Bank scheme for SC students   Scheme 960.00 Penta Books Distributors, Calicut.
      KAUAET KAUAET 20/10/2012 660.284 DHA/AG BB 177 Book Bank scheme for SC students   Scheme 960.00 Penta Books Distributors, Calicut.
      KAUAET KAUAET 30/03/2017 660.284 DHA/AG 25254 Books   General Stacks 2980.00 Neoti book Agency
      KAUAET KAUAET 30/03/2017 660.284 DHA/AG 25255 Books   General Stacks 2980.00 Neoti book Agency
      KAUAET KAUAET 28/03/2018 660.284 DHA/AG 25564 Books   General Stacks 2980.00 Neoti book agency
      KAUAET KAUAET 28/03/2018 660.284 DHA/AG 25563 Books   General Stacks 2980.00 Neoti book agency
free website counter